[Event "Noisiel op 9th"]
[Site "Noisiel"]
[Date "2024.04.09"]
[Round "5"]
[White "Vlachos, Anatole"]
[Black "Harikrishnan, A Ra"]
[Result "1/2-1/2"]
[WhiteElo "2482"]
[BlackElo "2461"]
[PlyCount "65"]
[EventDate "2024.04.06"]
[EventType "swiss"]
[EventRounds "9"]
[EventCountry "FRA"]
[SourceTitle "CB16_2024"]
[SourceDate "2024.04.17"]
[SourceVersion "1"]
[SourceVersionDate "2024.04.17"]
[SourceQuality "1"]

1. e4 e6 2. d4 d5 3. Nc3 Nf6 4. e5 Nfd7 5. f4 c5 6. Nf3 Nc6 7. Be3 cxd4 8. Nxd4 Qb6 9. Qd2 Qxb2 10. Rb1 Qa3 11. Bb5 Nxd4 12. Bxd4 a6 13. Bxd7+ Bxd7 14. Rb3 Qe7 15. Rxb7 Qd8 16. 0-0 Qc8 17. Rfb1 Bc5 18. f5 Bb5 19. Nxb5 axb5 20. R7xb5 Bxd4+ 21. Qxd4 0-0 22. R1b2 Qa6 23. h3 Qa7 24. c3 Qxd4+ 25. cxd4 h5 26. Kh2 Ra4 27. fxe6 fxe6 28. Rb6 Rxd4 29. Rxe6 h4 30. Rg6 Rf1 31. Rb7 Rdd1 32. Rbxg7+ Kh8 33. Rg8+ 1/2-1/2

[Event "Budapest FS03 GM-2"]
[Site "Budapest"]
[Date "2024.03.16"]
[Round "3"]
[White "Akbas, Umut Ata"]
[Black "Harikrishnan, A Ra"]
[Result "0-1"]
[WhiteElo "2453"]
[BlackElo "2448"]
[PlyCount "104"]
[EventDate "2024.03.14"]
[EventType "tourn"]
[EventRounds "9"]
[EventCountry "HUN"]
[EventCategory "7"]
[SourceTitle "CB15_2024"]
[SourceDate "2024.04.10"]
[SourceVersion "1"]
[SourceVersionDate "2024.04.10"]
[SourceQuality "1"]

1. d4 d5 2. c4 c6 3. Nf3 Nf6 4. e3 Bg4 5. Nc3 e6 6. h3 Bh5 7. g4 Bg6 8. Ne5 Nfd7 9. Nxg6 hxg6 10. Bd2 Nf6 11. g5 Ng8 12. Qg4 Ne7 13. 0-0-0 Nf5 14. h4 Nd6 15. e4 dxc4 16. d5 exd5 17. exd5 c5 18. Bxc4 Qd7 19. Qe2+ Kd8 20. Bd3 Qe7 21. Ne4 c4 22. Nxd6 cxd3 23. Qxe7+ Kxe7 24. Nxb7 Kd7 25. Bc3 Na6 26. Rxd3 Be7 27. Rhh3 Rxh4 28. Rhg3 Nb4 29. Rdf3 Nxa2+ 30. Kd2 Rb8 31. d6 Nxc3 32. Kxc3 Rxb7 33. dxe7 Kxe7 34. Rd3 Re4 35. b3 Ke6 36. Rd8 Rf4 37. Re3+ Kf5 38. Rd5+ Kg4 39. Rg3+ Kh4 40. Rg2 Rf3+ 41. Kc4 Rbxb3 42. Re5 Rb2 43. Re8 Kh3 44. Rg1 Kh2 45. Ra1 Rc2+ 46. Kb4 Rf4+ 47. Kb3 Rcxf2 48. Rxa7 R2f3+ 49. Kc2 Rg3 50. Ree7 Rf2+ 51. Kd1 Rxg5 52. Ke1 Rb2 0-1

[Event "Bangabandhu-chT"]
[Site "Dhaka"]
[Date "2024.02.01"]
[Round "1.4"]
[White "Diya, Chowdhury"]
[Black "Harikrishnan, A Ra"]
[Result "0-1"]
[WhiteElo "1881"]
[BlackElo "2443"]
[PlyCount "74"]
[EventDate "2024.02.01"]
[EventType "team-tourn"]
[EventRounds "11"]
[EventCountry "BAN"]
[SourceTitle "CB06_2024"]
[SourceDate "2024.02.07"]
[SourceVersion "1"]
[SourceVersionDate "2024.02.07"]
[SourceQuality "1"]
[WhiteTeam "Rupali Bank Krira Parshid"]
[BlackTeam "Leonine CC"]
[WhiteTeamCountry "BAN"]
[BlackTeamCountry "BAN"]

1. e4 e5 2. Nf3 Nc6 3. Bb5 a6 4. Ba4 Nf6 5. Qe2 d6 6. c3 g6 7. 0-0 b5 8. Bb3 Bg7 9. Rd1 0-0 10. d4 exd4 11. cxd4 Re8 12. Nc3 Na5 13. Bg5 h6 14. Bxf6 Bxf6 15. Bc2 Bg7 16. h3 Bb7 17. d5 Nc4 18. Bd3 Bxc3 19. Bxc4 Bg7 20. Bb3 f5 21. Qc2 Rxe4 22. a4 bxa4 23. Ra2 a3 24. Rxa3 Rb4 25. Ra4 Rxa4 26. Bxa4 Rb8 27. Re1 Qf8 28. Nh4 Kh7 29. Re6 Bxd5 30. Rxg6 Be4 31. Qxc7 Rxb2 32. Rxd6 Rb7 33. Qc5 Qe7 34. Ng6 Rb1+ 35. Kh2 Qg5 36. f3 Rb2 37. Qg1 Bxf3 0-1

[Event "Tamil Nadu IM 14th"]
[Site "Chennai"]
[Date "2024.01.19"]
[Round "6"]
[White "Lokesh, N1."]
[Black "Harikrishnan, A Ra"]
[Result "1/2-1/2"]
[WhiteElo "2140"]
[BlackElo "2454"]
[PlyCount "43"]
[EventDate "2024.01.16"]
[EventType "tourn"]
[EventRounds "9"]
[EventCountry "IND"]
[SourceTitle "CB04_2024"]
[SourceDate "2023.10.16"]
[SourceVersion "1"]
[SourceVersionDate "2023.10.16"]
[SourceQuality "1"]

1. e4 d6 2. d4 Nf6 3. Nc3 e5 4. Nf3 Nbd7 5. Bc4 Be7 6. 0-0 0-0 7. a4 c6 8. Ba2 h6 9. Re1 Re8 10. h3 a5 11. dxe5 dxe5 12. Nh4 Nf8 13. Qf3 Be6 14. Nf5 Bxf5 15. exf5 Bb4 16. Qg3 Nh5 17. Qg4 Nf6 18. Qg3 Nh5 19. Qg4 Nf6 20. Qg3 Nh5 21. Qg4 Nf6 22. Qg3 1/2-1/2

[Event "Abu Dhabi op 29th"]
[Site "Abu Dhabi"]
[Date "2023.08.19"]
[Round "4"]
[White "Harikrishnan, A Ra"]
[Black "Santos Latasa, Jaime"]
[Result "1/2-1/2"]
[WhiteElo "2437"]
[BlackElo "2656"]
[PlyCount "63"]
[EventDate "2023.08.16"]
[EventType "swiss"]
[EventRounds "9"]
[EventCountry "UAE"]
[SourceTitle "EXT 2024"]
[Source "ChessBase"]
[SourceDate "2023.10.10"]
[SourceVersion "1"]
[SourceVersionDate "2023.10.10"]
[SourceQuality "1"]

1. d4 Nf6 2. c4 e6 3. Nf3 d5 4. g3 Bb4+ 5. Bd2 Be7 6. Bg2 c6 7. 0-0 Nbd7 8. Bc3 Ne4 9. Nbd2 Nxc3 10. bxc3 0-0 11. e4 dxc4 12. Nxc4 b5 13. Ne3 Nb6 14. Qc2 c5 15. d5 Qc7 16. Rfd1 Rb8 17. Rab1 exd5 18. exd5 Bd7 19. Nf5 Bxf5 20. Qxf5 Nc4 21. Nd2 Nxd2 22. Rxd2 Qd6 23. Bf1 a6 24. c4 b4 25. Re2 Bf6 26. Bh3 Rbd8 27. Qc2 Bc3 28. Qa4 Qg6 29. Rd1 Qh5 30. Bf1 Rd6 31. Re4 Qf5 32. Bd3 1/2-1/2

[Event "Biel HTO 56th"]
[Site "Biel"]
[Date "2023.07.18"]
[Round "2"]
[White "Harikrishnan, A Ra"]
[Black "Meskovs, Nikita"]
[Result "1-0"]
[WhiteElo "2406"]
[BlackElo "2565"]
[PlyCount "81"]
[EventDate "2023.07.17"]
[EventType "swiss"]
[EventRounds "10"]
[EventCountry "SUI"]
[SourceTitle "CBM 215 Extra"]
[Source "ChessBase"]
[SourceDate "2023.09.30"]
[SourceVersion "1"]
[SourceVersionDate "2023.09.30"]
[SourceQuality "1"]

1. d4 Nf6 2. Nf3 e6 3. c4 d5 4. g3 Bb4+ 5. Bd2 a5 6. Bg2 0-0 7. Qc2 Be7 8. 0-0 c6 9. Bf4 Nbd7 10. Rd1 a4 11. Nc3 Qa5 12. c5 Nh5 13. Bd2 Qa7 14. e4 g6 15. Re1 Re8 16. Re2 Nhf6 17. Rae1 b6 18. exd5 Nxd5 19. Nxd5 cxd5 20. c6 Nf8 21. Ne5 Ba6 22. Re3 f6 23. Nd3 Bc4 24. b3 axb3 25. axb3 Qa2 26. Qxa2 Rxa2 27. bxc4 dxc4 28. Bb4 cxd3 29. Bxe7 d2 30. Rf1 Rxe7 31. d5 Rc2 32. d6 Re8 33. Rd3 e5 34. Rd1 Kf7 35. R3xd2 Rc5 36. Rb2 b5 37. d7 Rd8 38. Rxb5 Rc3 39. f4 exf4 40. gxf4 f5 41. Re5 1-0

[Event "Titled Tuesday intern op 27th Jun Late"]
[Site "Chess.com INT"]
[Date "2023.06.27"]
[Round "5"]
[White "Harikrishnan, A Ra"]
[Black "Muradli, Mahammad"]
[Result "1-0"]
[WhiteElo "2400"]
[BlackElo "2546"]
[PlyCount "79"]
[EventDate "2023.06.27"]
[EventType "swiss (blitz)"]
[EventRounds "11"]
[EventCountry "USA"]
[SourceTitle "EXT 2024"]
[Source "ChessBase"]
[SourceDate "2023.10.10"]
[SourceVersion "1"]
[SourceVersionDate "2023.10.10"]
[SourceQuality "1"]

1. e4 c5 2. Nf3 b6 3. d4 cxd4 4. Nxd4 Bb7 5. Nc3 e6 6. Bd3 a6 7. 0-0 d6 8. Be3 Nf6 9. a4 Be7 10. f4 Nbd7 11. g4 Nc5 12. Qf3 Rc8 13. Rad1 Qc7 14. h4 h5 15. g5 Ng4 16. f5 0-0 17. Be2 d5 18. Qh3 Nxe3 19. Qxe3 e5 20. Ndb5 axb5 21. Nxb5 d4 22. Qf3 Bxe4 23. Qxh5 Qc6 24. Na7 Qd6 25. Nxc8 Rxc8 26. Bc4 Bd5 27. g6 Bf6 28. gxf7+ Kf8 29. Qh8+ Kxf7 30. Bxd5+ Qxd5 31. Qxc8 e4 32. Qc7+ Kg8 33. Rd2 d3 34. cxd3 Nxd3 35. Rg2 e3 36. Rxg7+ Bxg7 37. f6 Bxf6 38. Rxf6 e2 39. Qg3+ Kh7 40. Qg6+ 1-0

[Event "Titled Tuesday intern op 27th Jun Late"]
[Site "Chess.com INT"]
[Date "2023.06.27"]
[Round "4"]
[White "Harikrishnan, A Ra"]
[Black "Titichoca Daza, Daniel Henry"]
[Result "1-0"]
[WhiteElo "2400"]
[BlackElo "2187"]
[PlyCount "95"]
[EventDate "2023.06.27"]
[EventType "swiss (blitz)"]
[EventRounds "11"]
[EventCountry "USA"]
[SourceTitle "EXT 2024"]
[Source "ChessBase"]
[SourceDate "2023.10.10"]
[SourceVersion "1"]
[SourceVersionDate "2023.10.10"]
[SourceQuality "1"]

1. d4 d5 2. Nf3 Nf6 3. Bg5 c5 4. e3 Nbd7 5. c3 g6 6. Nbd2 Bg7 7. Bd3 0-0 8. 0-0 b6 9. a4 a6 10. b4 Bb7 11. Rb1 cxd4 12. cxd4 Ne4 13. Bxe4 dxe4 14. Ne1 Re8 15. f3 exf3 16. Nexf3 Rc8 17. Qb3 Qc7 18. e4 Qc2 19. Qxc2 Rxc2 20. Rfc1 Rec8 21. Rxc2 Rxc2 22. d5 Ne5 23. Bxe7 Nd3 24. Kf1 f5 25. d6 Bc6 26. exf5 gxf5 27. Nb3 Bxa4 28. Nbd4 Ra2 29. b5 Nc5 30. bxa6 Bd7 31. Rxb6 Rxa6 32. Rb8+ Kf7 33. Ng5+ Kg6 34. Nh3 Nd3 35. Nf3 Ra2 36. Rg8 Kf7 37. Rd8 Bh6 38. Nhg5+ Kg6 39. Rxd7 Nf4 40. Rb7 Bg7 41. d7 Bd4 42. Nxd4 Ra1+ 43. Kf2 Ra2+ 44. Kf3 Nd5 45. d8Q h6 46. Qg8+ Kh5 47. Qf7+ Kh4 48. g3# 1-0

[Event "Teplice op"]
[Site "Teplice"]
[Date "2023.06.13"]
[Round "4"]
[White "Mitrabha, Guha"]
[Black "Harikrishnan, A Ra"]
[Result "1-0"]
[WhiteElo "2507"]
[BlackElo "2400"]
[PlyCount "107"]
[EventDate "2023.06.10"]
[EventType "swiss"]
[EventRounds "9"]
[EventCountry "CZE"]
[SourceTitle "CBM 214 Extra"]
[Source "ChessBase"]
[SourceDate "2023.07.31"]
[SourceVersion "1"]
[SourceVersionDate "2023.07.31"]
[SourceQuality "1"]

1. d4 d5 2. Nf3 Nf6 3. c4 c6 4. e3 Bf5 5. Nc3 e6 6. Nh4 Be4 7. Qb3 Qb6 8. Nf3 Bf5 9. Bd2 Qxb3 10. axb3 Bc2 11. c5 Bxb3 12. Ra3 Bc2 13. b4 Be7 14. Be2 0-0 15. 0-0 a6 16. b5 cxb5 17. Nxb5 Nc6 18. Ra2 Bg6 19. Nc3 Ne4 20. Rb2 Nxd2 21. Nxd2 Rab8 22. f4 f6 23. f5 Bxf5 24. Nxd5 Bd8 25. Nb6 Bxb6 26. Rxb6 Bg6 27. Bf3 Bd3 28. Rc1 f5 29. Bxc6 bxc6 30. Rxc6 Rb2 31. Nf3 a5 32. Rc3 Rb1+ 33. Kf2 Rb2+ 34. Kg3 Bf1 35. Rxe6 f4+ 36. Kh4 Rxg2 37. e4 h6 38. c6 Kh7 39. c7 Be2 40. Re7 Rf2 41. Rc2 Rg2 42. Rxe2 Rxe2 43. d5 Rc2 44. d6 Rc8 45. d7 R2xc7 46. dxc8Q Rxc8 47. Ra7 Rc4 48. e5 Kg6 49. Rxa5 Kf5 50. Kh5 g5 51. Kxh6 g4 52. e6+ Kxe6 53. Ne5 g3 54. Nxc4 1-0